Statystyki dla Region - państwo

Kliknij tutaj aby rozwiązać quiz!

Ogólne statystyki

  • Ten quiz został rozwiązany 29 razy
  • Średni wynik to 8 z 10

Statystyki odpowiedzi

RegionPaństwo% Poprawnych
AndaluzjaHiszpania
100%
BawariaNiemcy
100%
Zachodnio-pomorskiePolska
100%
KałmucjaRosja
100%
NormandiaFrancja
93%
KarlowarskiCzechy
85%
BraiłaRumunia
70%
TauroskiLitwa
67%
WardarskiMacedonia Północna
56%
DrochiaMołdawia
41%

Rozkład punktacji

Percentyl według liczby udzielonych odpowiedzi

Procent ludzi z każdym wynikiem

Twoja historia wyników

Nie rozwiązałeś tego quizu